[Event "Tilburg"]
[Site "Tilburg"]
[Date "1994.??.??"]
[Round "5"]
[White "Georgiev, Kiril"]
[Black "Karpov, Anatoly"]
[Result "0-1"]
[WhiteElo "2615"]
[BlackElo "2780"]
[Annotator "Dautov,R"]
[PlyCount "80"]
[EventDate "1994.09.??"]
[EventType "k.o."]
[EventRounds "7"]
[EventCountry "NED"]
[SourceTitle "CBM 044"]
[Source "ChessBase"]
[SourceDate "1995.02.01"]
[SourceVersion "1"]
[SourceVersionDate "1995.02.01"]
[SourceQuality "1"]

1. d4 Nf6 2. c4 e6 3. Nc3 Bb4 4. Qc2 O-O 5. a3 Bxc3+ 6. Qxc3 b6 7. Bg5 h6 8.
Bh4 Bb7 9. Nh3 d5 10. cxd5 exd5 11. e3 c5 12. Bd3 (12. dxc5 g5 13. Bg3 d4 14.
Qxd4 Qxd4 15. exd4 Re8+ 16. Be5 Nbd7 17. O-O-O Nxe5 18. dxe5 Rxe5 $44 {
Stohl-Psakhis/Amsterdam II/1990}) 12... Nc6 (12... g5 $5 13. Bg3 cxd4 14. Qxd4
Nc6 15. Qa4 d4 16. O-O Qd5 17. Rfd1 Ne5 18. Bf1 Nf3+ 19. Kh1 Ne4 20. Qb5 Qxb5
21. Bxb5 dxe3 22. fxe3 Nxg3+ 23. hxg3 Ne5 $15 {Chernin-Farago/OST-chT9394}) 13.
O-O $146 (13. dxc5 {>=} d4 14. Qc2 Ne5 15. O-O bxc5 16. Bf5 Qd5 17. f3 dxe3 18.
Bxf6 gxf6 19. Be4 Qd4 20. Bxb7 e2+ 21. Rf2 Rab8 22. Qxe2 Rxb7 23. Rd1 Qc4 24.
Qe3 Qb3 25. Qxb3 Rxb3 $10 {Sokolov-Nijboer/NLD-ch/1994}) 13... cxd4 14. exd4 g5
$1 15. Qc1 (15. Bg3 Ne4 16. Bxe4 dxe4 17. Rad1 Qd5 $17 {/\f5}) 15... Nh5 (15...
gxh4 $2 16. Qxh6 Re8 17. Ng5 Re4 18. f3 $16) (15... Ne4 $5 16. f3 Nxd4 17. fxe4
dxe4 18. Bc4 Rc8 (18... b5 19. Rd1) 19. Bf2 (19. Rd1 $5 Qf6 20. Bf2 Nb3 21.
Bxb3 Rxc1 22. Raxc1 Qxb2 23. Rb1 Qxa3 $15) 19... Ne2+ (19... b5 20. Rd1 Rxc4
21. Qe3 Nc2 22. Rxd8 Rxd8 23. Qc1 Nxa1 24. Qxa1 Rd2 $44) 20. Bxe2 Rxc1 21.
Raxc1 Qd2 22. Rfe1 e3 23. Bg3 Rc8 $17) 16. Re1 $6 (16. Nxg5 $5 hxg5 17. Bxg5 f6
18. Bh6 Ng7 19. Qf4 Qd7 20. Rae1 $44 {/\} Rae8 21. Rxe8 Rxe8 22. Qxf6) (16. Bg3
$5 Nxd4 (16... Nxg3 17. fxg3 Nxd4 18. Qe3 $44) 17. Qe3 Ne6 18. Be5 $44 (18. f4
$5)) 16... Qf6 $1 (16... Nxd4 $6 17. Nxg5 hxg5 18. Bxg5 f6 19. Bh6 Re8 20. Qc3
$40) 17. Nxg5 (17. Bg3 Nxg3 18. hxg3 Rac8 $17) (17. Qd1 Ng7 (17... gxh4 18.
Qxh5 Nxd4 19. Qg4+ Kh8 20. Ng5 $5 $44) 18. Bg3 Rfe8 $1 $15 (18... Qxd4 $6 19.
Be5 $1)) 17... hxg5 18. Bxg5 Qxd4 19. Re3 f5 20. Rh3 (20. Bh6 Rf7 21. Rh3 Qg4
22. Qd2 Re8 $17) 20... Ne5 21. Bc2 (21. Rxh5 Nxd3 (21... Qxd3 $2 22. Qc7 Nf7
23. Bf6 $1 $18 {/\Rh8}) (21... Rac8 $2 22. Bc2 Qg4 23. Rh3 $13) 22. Qc7 Rf7 $1
(22... Qxf2+ $2 23. Kh1 Rf7 24. Rh8+ Kxh8 25. Qxf7 $18) (22... Qg7 23. Be7 $1
Rf7 24. Qxb7 Re8 25. h4 Rexe7 26. Qa8+ Qf8 27. Qxd5 Nf4 28. Rg5+ Kh7 29. Qf3
Re4 $15) 23. Qg3 Rg7 24. Rd1 Re8 25. h4 Ba6 $17) 21... Ng7 22. Be3 Qc4 23. Bh6
Rf7 24. Qd2 Rc8 $17 25. Bb3 Qc6 26. Rg3 (26. Rc3 Nc4 27. Qg5 Qf6 $17) 26...
Rcc7 27. Re1 Ng4 28. Bf4 Rce7 29. Rc1 Qb5 30. h3 Nf6 31. Bc2 Qe2 $19 32. Qd4
Qc4 33. Qxc4 dxc4 34. Bg5 b5 35. b3 f4 36. Rc3 Nd5 37. Rf3 Re5 38. h4 Ne6 39.
bxc4 bxc4 40. Bg6 Rg7 0-1

[Event "Linares 13th"]
[Site "Linares"]
[Date "1995.03.01"]
[Round "1"]
[White "Beliavsky, Alexander G"]
[Black "Tiviakov, Sergei"]
[Result "1-0"]
[WhiteElo "2650"]
[BlackElo "2625"]
[Annotator "Dautov,R"]
[PlyCount "87"]
[EventDate "1995.03.01"]
[EventType "tourn"]
[EventRounds "13"]
[EventCountry "ESP"]
[EventCategory "17"]
[SourceTitle "CBM 046"]
[Source "ChessBase"]
[SourceDate "1995.06.01"]
[SourceVersion "1"]
[SourceVersionDate "1995.06.01"]
[SourceQuality "1"]

1. d4 Nf6 2. c4 e6 3. Nc3 Bb4 4. Qc2 O-O 5. a3 Bxc3+ 6. Qxc3 b6 7. Bg5 c5 8.
dxc5 bxc5 9. e3 a5 $6 (9... d6 $142) 10. Ne2 $1 {N} (10. Nh3 d6 11. O-O-O Ra6
12. Bd3 Nbd7 13. f4 Bb7 14. Qc2 Qa8 15. Nf2 Rb8 16. e4 e5 17. f5 Bc6 18. Qe2
Ba4 19. Rd2 Rb7 20. g4 Ne8 21. Be3 Nb8 22. g5 Nc6 $13 {Vera,R-Tiviakov,S/
Moscow olm ;CBM 45 1994}) (10. Bd3 d6 11. O-O-O Nbd7 12. Ne2 Bb7 13. Rhg1 Ra6
14. Qc2 h6 15. Bh4 Qe7 16. f4 Rb8 17. g4 Bc6 18. g5 Ne8 19. Be1 hxg5 20. Rxg5
Ndf6 21. Bc3 Rab6 22. Rdg1 Kf8 23. Ng3 Qb7 24. e4 $16 {Khlian,E-Aseev,K/Rostov
op 1993}) 10... d6 11. O-O-O Ra6 (11... Qe7 $2 12. Bxf6 gxf6 13. Ng3 $16 {/\Nh5
}) 12. Qc2 Nbd7 13. Nc3 $14 Bb7 14. f3 Qe7 (14... Qb8 15. Be2 Rb6 16. Rd2 (16.
Bf4 Nh5 17. Bg3 Nxg3 18. hxg3 Nf6 19. g4 h6 $13) 16... d5 17. cxd5 (17. Na4 Rc6
18. cxd5 exd5 19. Bb5 Re6 20. Bxf6 Nxf6 21. Nxc5 Rxe3 $10) 17... exd5 18. g4
$14 Qe5 $2 19. Bf4 Qe6 20. Na4 $1 Rc6 21. Bb5 Rcc8 22. g5 Nh5 23. Bxd7 Qxd7 24.
Nb6 $18) 15. Be2 Rb8 16. Rd2 Rb6 17. Rhd1 Qf8 {/\d5<=>} 18. Bf4 $1 e5 (18...
Ne5 $2 19. Nb5 $16) 19. Bg5 {><d5,d6} Ba8 20. Na4 Ra6 {/\Ne8,Bc6} 21. Qf5 $1 g6
22. Qh3 $16 Re8 23. Nc3 Re6 24. g4 Rb6 25. Qf1 {/\h4-h5->} (25. Nb5 $5 $16)
25... Qb8 (25... h6 {>=} 26. Bh4 (26. Bxf6 Nxf6 27. h4 $16) 26... Qb8 27. g5 $5
hxg5 28. Bxg5 $16) 26. h4 Rb3 27. Rc2 (27. Nb5 $5 Ne8 28. h5 f6 29. Bh6 $16)
27... Kg7 28. h5 h6 29. Bxf6+ Nxf6 30. hxg6 fxg6 31. Qh3 Re8 (31... g5 32. Rh1
Qh8 33. Bd1 Rb8 34. Rch2 $16) 32. Rh1 Ng8 $2 (32... Rh8 {>=} 33. Bd1 Rb6 34.
Rch2 g5 $16) 33. Bd3 Rf8 34. g5 $1 Rxf3 (34... h5 35. Bxg6 $1 Bxf3 (35... Kxg6
36. Qxh5+ Kf5 37. Qh3+ Kxg5 38. Qe6 $18) 36. Bxh5 Bxh1 37. Qd7+ Kh8 38. Rh2 $18
) 35. gxh6+ Kh8 36. Qg4 $18 Ne7 37. Be4 Rf7 (37... Rxe3 $2 38. Qg5 $18) 38. Qe6
Qf8 39. Bxa8 Rf6 40. Qd7 Rf1+ 41. Rxf1 Qxf1+ 42. Nd1 Rd3 43. Rd2 Rxe3 44. Qe8+
1-0

[Event "Tilburg"]
[Site "Tilburg"]
[Date "1994.??.??"]
[Round "2"]
[White "Mozetic, Dejan"]
[Black "Epishin, Vladimir"]
[Result "1/2-1/2"]
[WhiteElo "2550"]
[BlackElo "2650"]
[Annotator "Dautov,R"]
[PlyCount "43"]
[EventDate "1994.09.??"]
[EventType "k.o."]
[EventRounds "7"]
[EventCountry "NED"]
[SourceTitle "CBM 044"]
[Source "ChessBase"]
[SourceDate "1995.02.01"]
[SourceVersion "1"]
[SourceVersionDate "1995.02.01"]
[SourceQuality "1"]

1. d4 Nf6 2. c4 e6 3. Nc3 Bb4 4. Qc2 O-O 5. a3 Bxc3+ 6. Qxc3 b6 7. Bg5 h6 8.
Bh4 c5 9. dxc5 bxc5 10. e3 d6 11. Bd3 Nbd7 12. Ne2 Qb6 13. Rd1 Ba6 14. O-O Rfc8
15. Rd2 d5 16. Rfd1 Rab8 17. Qc2 Ne5 $1 $146 (17... Rb7 18. Nc1 d4 19. exd4
cxd4 20. b4 Bxc4 21. Bxf6 gxf6 22. Bxc4 Ne5 23. Rxd4 Rbc7 24. Qe4 Rxc4 25. Ne2
Rxd4 26. Rxd4 $14 {Lautier-Epishin/Las Palmas/1994}) 18. Bxf6 gxf6 19. Bh7+ Kh8
20. cxd5 Nc4 21. Nf4 (21. dxe6 $2 Nxd2 22. Rxd2 Bxe2 23. Rxe2 fxe6 24. Bd3 (24.
Qg6 $2 Rc7 25. Qxh6 Rxh7 26. Qxf6+ Rg7 27. Qh6+ Kg8 $19) (24. Rd2 Rd8 25. Rxd8+
Rxd8 26. h4 Qc7 $17) 24... Rd8 25. Qc3 Kg7 $17) 21... Qxb2 (21... Nxd2 22. Rxd2
$44 Rc7 (22... exd5 $6 23. Nxd5 Qb3 24. Qf5 Rc6 25. Ne7 Re6 (25... Rcb6 26. Qh5
f5 27. Bg6 $1 $18) 26. Qf4 $1 Kxh7 (26... f5 27. Bxf5 Qb5 28. h3 Rf6 29. Qe5
$18) 27. Nf5 $18) (22... e5 $2 23. Nh5 $40) (22... f5 $2 23. dxe6 fxe6 $2 24.
Qc3+ Kxh7 25. Rd7+ $18) (22... Rd8 23. Bg6 $5 Rd7 24. Bxf7 Rxf7 25. Qg6 $40)
23. dxe6 fxe6 24. Qg6 Rxh7 25. Qxf6+ Kg8 26. Nxe6 $10 {/\Qg6}) 22. dxe6 (22.
dxe6 Qxc2 (22... Nxd2 23. Rxd2 Qb5 24. h3 $40) 23. Bxc2 Nxd2 24. Rxd2 Rc7 (
24... fxe6 25. Ng6+ Kg8 26. Ne7+ Kf8 27. Nxc8 Bxc8 $10) (24... Rd8 $2 25. Rxd8+
Rxd8 26. exf7 Bc4 27. Ng6+ $16) (24... Bc4 25. e7 (25. exf7 $2 Bxf7 26. Rd7 Rd8
$1 27. Rxf7 $2 Rb1+ $19) 25... Re8 26. Rd7 Rb2 27. Bf5 $36 {o^e7}) 25. exf7
Rxf7 26. Rd6 Bb5 27. h4 $44) 1/2-1/2

[Event "Tilburg"]
[Site "Tilburg"]
[Date "1994.??.??"]
[Round "3"]
[White "Bareev, Evgeny"]
[Black "Luther, Thomas"]
[Result "1/2-1/2"]
[WhiteElo "2675"]
[BlackElo "2510"]
[Annotator "Dautov,R"]
[PlyCount "47"]
[EventDate "1994.09.??"]
[EventType "k.o."]
[EventRounds "7"]
[EventCountry "NED"]
[SourceTitle "CBM 044"]
[Source "ChessBase"]
[SourceDate "1995.02.01"]
[SourceVersion "1"]
[SourceVersionDate "1995.02.01"]
[SourceQuality "1"]

1. d4 e6 2. c4 Nf6 3. Nc3 Bb4 4. Qc2 O-O 5. a3 Bxc3+ 6. Qxc3 b6 7. Bg5 Bb7 8.
f3 h6 9. Bh4 d5 10. e3 c5 $5 (10... Nbd7 11. cxd5 Nxd5 12. Bxd8 Nxc3 13. Bh4
Nd5 14. Bf2 {+/=/=}) 11. dxc5 (11. cxd5 Nxd5 (11... g5 $5 12. Bf2 Nxd5 13. Qd2
cxd4 14. exd4 Nc6 $13) 12. Bxd8 Nxc3 13. Be7 Re8 14. bxc3 (14. Bxc5 Nd5) (14.
Bh4 Nd5 15. e4 Ne3 $17) 14... Rxe7 $10) 11... bxc5 12. Bxf6 $146 (12. cxd5 g5
$1 13. Bf2 Nxd5 14. Qd2 (14. Qxc5 $5 Qf6 $5 15. Qd4 Qxd4 16. exd4 Rc8 17. Kd2
Nc6 18. b4 Rd8 $44) 14... Qf6 15. h4 Rd8 16. Qc2 Qe5 17. e4 Nc6 18. Be2 Nf4 19.
g3 Nxe2 20. Nxe2 Nd4 21. Nxd4 cxd4 $17 {Dzevlan-Luther/Budapest Kasparov/1991})
(12. O-O-O Nbd7 13. Nh3 Qb6 14. Nf2 Bc6 15. Be2 Rab8 16. Rd2 a5 17. Qc2 Rfc8
$10 {Mohr-Gruenberg/Bad Lauterberg/1991}) 12... Qxf6 13. Qxf6 gxf6 14. Rc1 (14.
cxd5 exd5 {><e3} 15. Bd3 (15. Rc1 c4 16. Ne2 Nc6 17. Kd2 Rad8 18. Nd4 Nxd4 19.
exd4 Bc8 $10) (15. Ne2 $5) 15... Nc6 16. Ne2 Ne5 $10) 14... Nd7 15. cxd5 Bxd5 (
15... exd5 $2 16. Bb5 Rfd8 17. Bxd7 Rxd7 18. Rxc5 $16) 16. Bb5 Rfd8 17. Ne2 (
17. Bxd7 Rxd7 18. Rxc5 Bb3 19. Rc1 Rad8 20. Ne2 Rd2 $15) (17. e4 Bb3 18. Ne2 (
18. Rc3 c4 19. Bxc4 Bxc4 20. Rxc4 Ne5 21. Rc2 Rac8 22. Rxc8 Rxc8 $36) 18...
Rab8 19. Nc3 (19. Bxd7 Rxd7 $15) 19... Ne5 {/\} 20. Ke2 $2 Bc4+ 21. Bxc4 Rxb2+
$17) 17... Rab8 18. a4 (18. Nc3 a6 19. Bxa6 Rxb2 20. O-O Bc6 (20... Ra8 21. Bb5
Ne5 22. a4 (22. Nxd5 exd5 23. Rxc5 Rxa3 $10) 22... Bc4 23. Rb1 $1 Rc2 24. Rfc1
$14) 21. Rb1 (21. a4 Nb6 $10 {/\Na4,Rdd2}) 21... Rxb1 (21... Rdb8 $5 22. Rxb2
Rxb2 $10) 22. Rxb1 Ra8 23. Bb5 Bxb5 24. Nxb5 Kf8 $10) 18... a6 19. Bxa6 Rxb2
$10 20. O-O Bc6 21. Nc3 Nb8 22. Rfd1 Rxd1+ 23. Nxd1 Rb4 24. Rxc5 1/2-1/2

[Event "EU-Cup 10th Group6"]
[Site "Lubniewice"]
[Date "1994.??.??"]
[Round "1"]
[White "Ruzele, Darius"]
[Black "Onischuk, Alexander"]
[Result "1/2-1/2"]
[WhiteElo "2495"]
[BlackElo "2585"]
[Annotator "Dautov,R"]
[PlyCount "103"]
[EventDate "1994.??.??"]
[EventType "team-k.o."]
[EventRounds "3"]
[EventCountry "POL"]
[SourceTitle "EXT 2020"]
[Source "ChessBase"]
[SourceDate "2019.10.17"]
[SourceVersion "1"]
[SourceVersionDate "2019.10.17"]
[SourceQuality "1"]
[WhiteTeam "Vilnius Kaise"]
[BlackTeam "Alushta Chigorin"]
[WhiteTeamCountry "LTU"]
[BlackTeamCountry "UKR"]

1. d4 Nf6 2. c4 e6 3. Nc3 Bb4 4. Qc2 O-O 5. a3 Bxc3+ 6. Qxc3 b6 7. Bg5 Bb7 8.
f3 h6 9. Bh4 d5 10. e3 Nbd7 11. cxd5 Nxd5 12. Bxd8 Nxc3 13. Bh4 Nd5 14. Bf2
Rac8 (14... Rfc8 15. Bb5 c6 16. Ba4 b5 17. Bb3 c5 18. Ne2 c4 19. Bc2 a5 20. Kd2
{+= Gurevich,M-Onischuk/Philadelphia/1994}) (14... f5 $1 15. Bb5 c6 16. Ba4 e5
17. Ne2 Rae8 18. O-O-O e4 {=}) 15. Ne2 $5 {N} (15. e4 Ne7 16. Bb5 c6 17. Ba4 b5
18. Bc2 c5 19. dxc5 Nxc5 20. Ne2 Rfd8 21. Rd1 Rxd1+ 22. Kxd1 a6 23. Kd2 Ng6 24.
Bg3 Nd7 25. Rd1 Kf8 {+/=/= Tunik-Brodsky/Kstovo op/1994}) 15... c5 16. e4 Ne7
17. Nc3 cxd4 18. Bxd4 Nc5 19. Rd1 Nb3 20. Be3 (20. Bxg7 $4 Kxg7 21. Rd7 Nc6 22.
Rxb7 Nc5 {-+}) 20... Rfd8 21. Rxd8+ (21. Be2 Rxd1+ 22. Kxd1 $5 (22. Bxd1 Na5 {
/\Nc4-a3}) 22... Nc6 $1 {=} (22... f5 23. Kc2 Na5 24. exf5 Nxf5 25. Bf2 Nc4 26.
Bxc4 Rxc4 27. Rd1 {+=})) 21... Rxd8 22. Nb5 (22. Bc4 Nd4 23. Kf2 Nc2 24. Bc1
Rc8 25. b3 (25. Bb3 $5 Nxa3 26. Rd1 Ng6 27. Rd7 Ne5 28. Rxb7 Nd3+ 29. Ke3 Nxc1
30. Rxa7 Nxb3 31. Rxa3 Na5 {=}) 25... Nc6 $132 {/\Na5}) (22. Kf2 Nd4 23. Nb5
Nc2 24. Nxa7 Nxe3 25. Kxe3 Rd1 {~=}) 22... Nc6 23. Bc4 Na1 $1 24. Kf2 Nc2 25.
Rc1 (25. Bc1 $5 {^^} a6 26. Nc3 Ne5 27. Be2 Nd3+ (27... b5 28. Rd1 Rxd1 29.
Nxd1 {+=}) 28. Bxd3 Rxd3 29. Na4 Rb3 (29... Rd6 30. Bf4 Rc6 31. Rd1 b5 32. Rd7
Bc8 33. Rd8+ Kh7 34. Nb6 {+=}) 30. Rd1 Bc6 31. Nc3 Nxa3 32. Rd8+ Kh7 33. Rc8 {
+-}) 25... Nxe3 26. Kxe3 Kf8 $6 (26... a6 $1 27. Nc3 (27. Nc7 b5 28. Ba2 Nd4 {=
} (28... Rc8 $2 29. Nxe6 {+/-})) 27... Kf8 28. Be2 b5 {=}) 27. f4 Ke7 (27... a6
$6 28. Nc7 $1 b5 29. Bxe6 $1 fxe6 30. Nxe6+ Ke7 31. Nxd8 Kxd8 {+/-}) 28. e5 {+=
} f6 29. exf6+ gxf6 30. g3 Rd7 (30... a6 $6 31. Nc7 b5 32. Nxe6 bxc4 33. Nxd8
Nxd8 34. Rxc4 {+/-}) 31. Be2 {/\Bf3} a6 32. Nc3 b5 (32... Nd4 33. Na4 Nxe2 34.
Kxe2) 33. Ne4 Nd4 34. Nc5 Nxe2 35. Kxe2 Rc7 36. Rc3 $1 (36. b4 $2 Bd5 37. Rd1
a5 {=}) 36... a5 (36... Kd6 37. Nxb7+ Rxb7 38. Rc8 Rc7 $2 39. Rxc7 Kxc7 40. g4
Kd6 41. h4 {+/-}) 37. Nxb7 Rxb7 38. Rc5 Kd6 $6 (38... f5 39. Ke3 Kd6 40. Kd4 a4
{+= /\b4}) 39. Rh5 b4 40. a4 f5 41. Rxh6 b3 42. Kd3 Rb4 43. Kc3 $2 (43. Rh8 $1
Rxa4 44. Rb8 Ra1 45. Rxb3 Rh1 46. h4 {+/-}) 43... Rxa4 44. Kxb3 Re4 45. Rh8 Re2
46. Ka3 Rg2 47. b3 Kc6 48. Rc8+ (48. Ra8 Rxh2 49. Rxa5 Re2 $1 50. Ra8 Re3 51.
Rg8 Kb5 {=}) 48... Kd7 49. Rh8 Kc6 50. Rh6 Kd5 51. Rh7 (51. Ka4 Kc5) 51... Kd6
52. Rh8 (52. Ka4 Kc5 53. Rc7+ $4 Kb6 {-+}) (52. Rh8 Kc6 {=}) 1/2-1/2

[Event "Dortmund op-A"]
[Site "Dortmund"]
[Date "1992.??.??"]
[Round "4"]
[White "Toth, Christian Endre"]
[Black "Razuvaev, Yuri S"]
[Result "0-1"]
[WhiteElo "2350"]
[BlackElo "2575"]
[Annotator "Dautov,R"]
[PlyCount "60"]
[EventDate "1992.04.??"]
[EventType "swiss"]
[EventRounds "11"]
[EventCountry "GER"]
[SourceTitle "CBM 029"]
[Source "ChessBase"]
[SourceDate "1992.08.01"]
[SourceVersion "1"]
[SourceVersionDate "1992.08.01"]
[SourceQuality "1"]

1. d4 {Ernst Ftacnik} Nf6 2. c4 e6 3. Nc3 Bb4 4. Qc2 O-O 5. a3 Bxc3+ 6. Qxc3 b6
7. Bg5 Bb7 8. e3 d6 9. f3 Nbd7 10. Bd3 c5 11. Ne2 Rc8 12. Qd2 (12. b4 d5 13.
dxc5 bxc5 14. b5 {Sorokin,M-Atalik,S Cheljabinsk 1991 53/538} Ne4 $1 15. Bxd8
Nxc3 16. Be7 (16. Ba5 Ne5) 16... Rfe8 17. Bd6 Na4 $5 $10 {Sorokin}) (12. Rc1 {
Ernst} h6 13. Bh4 cxd4 14. exd4 b5 15. b3 bxc4 16. bxc4 Ba6 17. Bxf6 Qxf6 18.
Qa5 Nb8 $13 {Doroskevic - Karpov, Russland 1970.}) 12... Re8 $1 $146 (12... h6
13. Bh4 cxd4 14. exd4 Ba6 15. Rc1 d5 16. cxd5 Bxd3 17. dxe6 Bxe2 18. Rxc8 Qxc8
19. exd7 Qxd7 20. Kxe2 Re8+ $1 21. Kf2 Ne4+ $3 22. fxe4 Rxe4 23. Re1 (23. Bg3
Rxd4 24. Qe3 Qf5+ 25. Kg1 Qb1+ 26. Kf2 Qf5+ $10) 23... Rxh4 24. d5 Qd6 25. Re8+
Kh7 26. Qd3+ g6 27. Qc3 Rf4+ 28. Ke2 Rf6 29. Qc8 g5 $10 {Flear,G-Summermatter,
D Chiasso 1991 52/553}) 13. O-O $6 (13. b4 d5 $1 14. dxc5 bxc5 15. b5 Ne4 16.
Bxd8 Nxd2 17. Kxd2 Rexd8 $10) (13. Rc1 $142 {besser} cxd4 14. exd4 d5 15. cxd5
Rxc1+ 16. Qxc1 Bxd5 17. O-O Qa8 $10) 13... Ba6 14. Rac1 Ne4 $1 15. Bxe4 (15.
Bxd8 {Ftacnik} Nxd2 16. Rfd1 Nxf3+ 17. gxf3 Rexd8 $19) 15... Qxg5 16. f4 Qe7
17. Bd3 g6 (17... Nf6 $5) 18. b4 $6 (18. Rfd1 Nf6 (18... d5 19. cxd5 Bxd3 20.
d6 Qxd6 21. Qxd3 $10) 19. dxc5 Rxc5 (19... dxc5 20. Nc3 $10) 20. b4 Rcc8 21.
Ng3 e5 22. f5 $10) (18. Rfe1 {Ftacnik} e5 $15) 18... Nf6 19. e4 $2 (19. dxc5
dxc5 (19... bxc5 20. b5 Bb7 21. Nc3 $10 (21. a4 {Ftacnik} e5 $15)) 20. b5 (20.
e4 $5) 20... Bb7 21. Nc3 Rcd8 $15) (19. Ng3 d5 $15) (19. bxc5 {Ftacnik} dxc5
$15) 19... cxd4 20. Nxd4 e5 21. Nb5 (21. fxe5 {Ftacnik} dxe5 (21... Qxe5 22.
Qf2 $13) 22. Nb3 Red8 $13) 21... Bxb5 22. cxb5 Rxc1 23. Rxc1 d5 $1 $17 (23...
exf4 $2 24. Qxf4 Nxe4 25. Bxe4 Qxe4 26. Qxe4 Rxe4 27. Rc7 $10) 24. exd5 (24.
fxe5 {Ftacnik} Qxe5 25. exd5 Ng4 26. g3 Qd4+ 27. Kg2 Qxd5+ $19) 24... Nxd5 25.
Bxg6 $5 (25. fxe5 Qxe5 $17) 25... Nxf4 (25... hxg6 {Ftacnik} 26. Qxd5 exf4 27.
Rf1 $13) 26. Be4 Rd8 (26... Qg5 {Ftacnik} 27. Kh1 Rd8 28. Qe3 $15) 27. Qc2 (27.
Qe3 $5 {Ftacnik}) 27... Qg5 {/\Ne2} 28. Bxh7+ $2 (28. Kh1 Ne2 $6 (28... h5 $1
$17) 29. Rf1 $132 (29. Rd1 $4 Ng3+ $19 (29... Ng3+ {Ftacnik} 30. hxg3 Qh5+ $19)
)) 28... Kg7 $19 29. Kh1 (29. Rf1 Rd2 $19) 29... Rh8 30. Be4 Ne2 $1 (30... Ne2
{Ftacnik} 31. Re1 Rxh2+ 32. Kxh2 Qh6#) 0-1

[Event "Leon-B"]
[Site "Leon"]
[Date "1996.??.??"]
[Round "2"]
[White "Lima, Darcy Gustavo Macha"]
[Black "Izeta Txabarri, Felix"]
[Result "1-0"]
[WhiteElo "2440"]
[BlackElo "2470"]
[Annotator "Dautov,R"]
[PlyCount "93"]
[EventDate "1996.06.??"]
[EventType "tourn"]
[EventRounds "9"]
[EventCountry "ESP"]
[EventCategory "9"]
[SourceTitle "CBM 054"]
[Source "ChessBase"]
[SourceDate "1996.10.01"]
[SourceVersion "1"]
[SourceVersionDate "1996.10.01"]
[SourceQuality "1"]

1. d4 {Tsesarsky} Nf6 2. c4 e6 3. Nc3 Bb4 4. Qc2 O-O 5. a3 Bxc3+ 6. Qxc3 Ne4 (
6... b6 $5 {Tsesarsky}) 7. Qc2 f5 8. Nh3 $1 b6 (8... Nc6 {Chekhov/} 9. e3 (9.
f3 {Tsesarsky} Nf6 10. e3 e5 11. dxe5 Nxe5 12. Nf4 d6 13. Be2 g5 14. Nh3 Nh5
15. f4 gxf4 16. exf4 Qh4+ 17. Nf2 Ng4 18. g3 Qe7 19. O-O $16 {Kharlov,
A-Makarichev,S/RUS/1994/0|1/40/}) 9... d6 10. f3 Nf6 {/\e5}) (8... d6 {
Tsesarsky} 9. f3 Nf6 10. e3 Qe7 $5 {N/} (10... e5 {Chekhov/} 11. dxe5 dxe5 12.
Nf2 Nc6 13. Bd2 Qe7 14. O-O-O e4 15. f4 Be6 16. Rg1 $36 {Hlian,E-Terterians,V/
Podolsk/1992/0|1/58/}) (10... a5 $5 11. Bd3 Nc6 12. O-O a4 13. b4 axb3 14. Qxb3
b6 15. Bb2 Na5 16. Qc2 c5 $132 {Tomicic,Z-Hulak,K/Djakovo/1994/0|1/40/}) 11.
Bd3 a5 12. Bd2 b6 (12... a4 $5) 13. O-O Bb7 (13... a4 $5) 14. b4 $14 axb4 15.
axb4 Nbd7 16. Qb2 Rfb8 17. Bc2 (17. Rxa8 Rxa8 18. Ra1 Qe8 19. Ra3 Rxa3 20. Qxa3
Qa8 $14) 17... Qd8 18. Ba4 Ba6 (18... Ra7 $4 19. Bxd7 Rxa1 20. Bxe6+ $18) (
18... Ra6 $5 19. Bb5 Rxa1 20. Rxa1 Ra8) 19. Qc2 Bb7 20. Ra2 $14 {Kharlov,
A-Vyzmanavin,A/Novosibirsk/1995/1:0/59/CBM 50/}) 9. f3 Nf6 10. e3 (10. Bg5 $5
Bb7 11. e3 h6 12. Bh4) 10... c5 (10... Bb7 11. Bd2 (11. Bd3 Nc6 12. O-O Ne7 13.
b4 Qe8 14. Bb2 Qh5 15. Rae1 $14) 11... c5 12. dxc5 bxc5 13. Bc3 Nc6 14. Be2 Qe7
15. Nf4 a5 16. Rd1 d6 17. O-O Rfd8 18. Qd2 Rd7 19. Qe1 a4 $10 {Kiriakov,
P-Evseev,D/Groningen op ;EXP 50 1995}) 11. b4 {N} (11. b3 d6 12. Bd3 Nc6 13.
Bb2 g6 14. O-O e5 15. d5 Ne7 16. f4 e4 17. Be2 h6 18. Nf2 Kf7 19. g4 $16 {
Kohlweyer-Pavlovic/ Nis 1994} (19. g4 Neg8 20. gxf5 Bxf5 21. Kh1 Qd7 22. Rg1
Rae8 23. Rg3 Re7 24. Rag1 Ke8 25. Bc3 Rh7 26. Qb2 $36)) 11... Qe7 12. bxc5 bxc5
13. Be2 cxd4 (13... Nc6 14. Bb2 d6 15. dxc5 dxc5 16. Nf4 $14) 14. exd4 Nc6 15.
Bb2 $14 d6 16. O-O (16. d5 $5 exd5 17. cxd5 Ne5 18. Nf4 Bb7 19. Rd1 $132) 16...
e5 17. d5 Nd8 (17... Nd4 18. Bxd4 exd4 19. Bd3 $14) 18. f4 $1 e4 $6 (18... Nf7
{>=} 19. fxe5 (19. Bd3 $5 e4 20. Be2 $14) 19... Nxe5 20. Nf4 $14) 19. Nf2 (19.
c5 $4 Nxd5 (19... dxc5 20. Be5 Nxd5 21. Bc4 Be6 22. Qb3 Nb6 $19) 20. Bc4 Be6
21. Qd2 Qc7 22. Bd4 Nf6 $17) 19... Nb7 20. Nd1 Bd7 21. Ne3 Nc5 22. Bd4 $16 Rfc8
23. Rab1 Qd8 (23... Rab8 $5 24. Rxb8 (24. Rb4 a5) 24... Rxb8 25. Rb1 Rxb1+ (
25... Rb6 26. Rxb6 axb6 27. Qb2 $14) (25... Qd8 $5) 26. Qxb1 $14) 24. Qc3 Kf7
25. h3 {/\g4} Na4 26. Qe1 (26. Qb4 $6 Nc5) 26... Ne8 (26... Nc5 $5) 27. Qg3 (
27. g4 fxg4 28. hxg4 $16) 27... Rcb8 28. Rb4 (28. Rxb8 $6 Rxb8 (28... Qxb8 29.
Qg5) 29. Bxa7 Rb3 30. Bd4 Rxa3 31. Ra1 Rxa1+ 32. Bxa1 $14) 28... Rxb4 (28... a5
29. Rxa4 $1 Bxa4 (29... g6 30. Bd1 $16) 30. Nxf5 Rb3 31. Qg4 Bd7 (31... Rxa3
32. Bxg7 $40) 32. Nxd6+ Kg8 33. f5 $16) 29. axb4 a5 30. c5 (30. b5 $6 Nc5)
30... axb4 (30... Bc8 31. Ra1 axb4 32. Bb5 dxc5 33. Bxc5 Bd7 34. Rxa4 (34. Bxd7
Qxd7 35. Bxb4 $14) 34... Rxa4 35. Bxa4 Bxa4 36. Bxb4 Bb3 $15) 31. Nc4 $2 (31.
c6 $1 Bc8 32. Ra1 (32. Nc2 Qa5 33. Qh4 $36) 32... Nb6 33. Rxa8 Nxa8 34. Nc2 Qa5
35. Qb3 $16) 31... g6 $2 (31... dxc5 $1 32. Nd6+ (32. Be5 $1 g6 33. h4 $36 Nb6
34. h5 Nxd5 (34... Ra2 35. Qe3 (35. hxg6+ $1 hxg6 36. Bh5 $1 gxh5 37. Nd6+ Nxd6
(37... Kf8 38. Qg6 $18) 38. Qg7+ Ke8 39. Qh8+ Kf7 40. Qxh5+ Ke7 41. Qh4+ Kf7
42. Qxd8 $18) 35... Nxd5 36. Qxc5 Be6 $17) (34... Bb5 35. hxg6+ hxg6 36. Qh3 (
36. Bc7 $5 Nxc7 37. Ne5+ Kf8 38. Qxg6 Be8 39. Qxf5+ Kg7 40. Qg4+ Kf8 41. Qf5+
$10) 36... Nxc4 (36... Nxd5 37. Qh7+ Ke6 38. Qg8+ $10) 37. Qh7+ Kf8 38. Qh8+
Ke7 39. Qh7+ $10) 35. hxg6+ hxg6 36. Bb2 Nef6 (36... Ng7 37. Nd6+ Kg8 38. Qxg6
Qe7 39. Bc4 $18) (36... Ra2 37. Qb3 $16) (36... Kf8 $2 37. Qxg6 Ndf6 38. Nd6
Qe7 39. Nxe8 Bxe8 40. Qxf5 Bd7 41. Qxf6+ Qxf6 42. Bxf6 $18) 37. Ne5+ Ke6 38.
Bc4 Be8 39. Rd1 $13) (32. Qb3 $2 cxd4 33. Ne5+ Kf8 34. d6 Nxd6 35. Qd5 Be8 $19)
32... Kf8 (32... Ke7 33. Nxe8) 33. Nxe8 g6 34. Bf6 (34. Nc7 Qxc7 35. Be5 Qb7
$19) (34. Nf6 $6 cxd4 35. Nxh7+ Kg7 36. Bh5 Ra6 $19) 34... Qxe8 35. Qg5 Qf7 $17
) 32. cxd6 Ng7 (32... Bc8 33. Ne5+ Kf8 34. d7 Bxd7 35. Nxg6+ hxg6 36. Qxg6 Qh4
37. Bh5 Ke7 38. d6+ Kd8 39. Bf2 Qf6 40. Qxf6+ Nxf6 41. Bh4 $16) (32... Kg8 33.
h4 (33. Rb1 $5) (33. Be5 $5) 33... Bb5 34. h5 Bxc4 35. Bxc4 $36) 33. Ne5+ Kg8
34. Ra1 $18 Nc3 (34... Be8 35. d7 Bxd7 36. Qb3 (36. Nxd7 Qxd7 37. Qb3 $14)
36... Nb6 37. Rxa8 Nxa8 38. Bb5 Bc8 39. d6+ Be6 40. Qxb4 $18) (34... Qf6 $2 35.
Qb3 Qxd6 36. Nxd7 Qxd7 37. d6+ Kh8 38. Qxb4 $18) 35. Bxc3 bxc3 36. Rxa8 Qxa8
37. Qxc3 Be8 (37... Qa7+ 38. Kf1 Ne8 39. Nc4 $16) 38. Kh2 Qa7 (38... Qb7 $5)
39. Qc8 Qe3 40. d7 Qxf4+ 41. Kh1 Qxe5 42. d8=Q Qa1+ 43. Kh2 Qe5+ 44. Kh1 Qa1+
45. Kh2 Qe5+ 46. g3 f4 47. Qdc7 (47. Qdc7 fxg3+ 48. Kg2 Qb2 49. Qc4 $18) 1-0